| 000 | 00000nas 2200000za 4500 |
| 001 | 9.821774 |
| 003 | CaOODSP |
| 005 | 20221107143535 |
| 007 | cr ||||||||||| |
| 008 | 160728d20152015qucar p o f0 b0fre|d |
| 022 | |a1929-2228 |
| 040 | |aCaOODSP|bfre |
| 043 | |an-cn--- |
| 086 | 1 |aEm5-7F-PDF |
| 245 | 00|aOrganisations du travail au Canada |h[ressource électronique] |
| 260 | |a[Gatineau, QC] : |bEmploi et Développement social Canada |
| 310 | |aAnnuel |
| 362 | 0 |a2015. |
| 500 | |aPubl. aussi en anglais sous le titre : Labour organizations in Canada. |
| 520 | |aLe Programme du travail recueille les données sur les organisations de travailleurs et travailleuses au Canada. Ces listes fournissent l'information pertinente sur l’organisation syndicale, y compris les affiliations, le nombre de membres, les sections locales et le président de chaque organisation.|uhttp://www.travail.gc.ca/fra/ressources/info/outils/organisations_syndicales_canada/organisation.shtml |
| 692 | 07|2gccst|aRelations de travail |
| 692 | 07|2gccst|aSyndicat |
| 710 | 1 |aCanada. |bEmploi et développement social Canada. |bProgramme du travail. |
| 775 | 08|tLabour organizations in Canada |w(CaOODSP)9.821770 |
| 780 | 00|tCouverture syndicale au Canada |w(CaOODSP)9.503337 |